• 首页
  • 本馆介绍
  • 公告通知
  • 最新文献
  • 馆藏检索
  • 电子资源
  • 读者导购
  • 参考咨询
  • 我的图书馆
  • 登录
  • 详细信息显示
  • 放入我的书架
  • 预约/预借图书
  • 作者相关作品
  • 分类相关作品
  • 丛书相关作品
  • 出版社相关作品

书目信息

  • 表格格式
  • 工作单格式
  • 卡片格式
题名:
实用五金手册
    
 
作者: ;中国五金交电公司上海五金采购供应站 编
分册:  
出版信息: 上海   上海人民出版社  1967.06
页数: 不详
开本: 14cm
丛书名:
单 册:
中图分类: TS91-62
科图分类:
主题词: 五金制品--加工工业
电子资源:
ISBN:
000 00767nam0 2200217 450
001 0660285433
005 20060805164724.57
010    @dCNY0.83
091    @a15.4.3
100    @a20060805d1967 km y0chiy0120 ea
101 0  @achi
102    @aCN@b310000
200 1  @a实用五金手册@Ashi yong wu jin shou ce@f中国五金交电公司上海五金采购供应站 编@Fzhong guo wu jin jiao dian gong si shang hai wu jin cai gou gong ying zhan bian
210    @a上海@c上海人民出版社@d1967.06
215    @a不详@d14cm
300    @a1967年6月第2版
606 0  @a五金制品@x加工工业
690    @aTS91-62@v3
711  0 @a中国五金交电公司上海五金采购供应站@Azhong guo wu jin jiao dian gong si shang hai wu jin cai gou gong ying zhan@4编
801  0 @aCN@bPFT@c20060805
905    @a10447@dTS91-62@e3=2
    
    实用五金手册/中国五金交电公司上海五金采购供应站 编.-上海:上海人民出版社,1967.06
    不详;14cm
    1967年6月第2版
    
    ISBN :CNY0.83
    
●
相关链接 在E读中查询图书 在五车中查询图书 在当当中查询图书 在豆瓣中查询图书


正题名:实用五金手册     索取号:TS91-62/3=2         预约/预借

序号 登录号 条形码 馆藏地/架位号 状态 备注
1 0451656   204516568   密集书库/ [索取号:TS91-62/3=2] 在馆    
唐山师范学院图书馆 欢迎您!
大连网信软件有限公司© 版权所有